| 000 | 00450nam a2200181Ia 4500 | ||
|---|---|---|---|
| 005 | 20250423094912.0 | ||
| 008 | 250422s9999 xx 000 0 und d | ||
| 020 | _a0- 13- 226993- 7 | ||
| 050 | _aQA 76.73.P98 .C48/ | ||
| 100 | _aWesley J. Chun | ||
| 245 | 0 | _aCore python programming | |
| 250 | _a2nd | ||
| 260 | _bPearson Education, Inc. | ||
| 260 | _c2007 | ||
| 300 | _a1077 p | ||
| 650 | _aPython( computer program language) | ||
| 942 | _cBK | ||
| 999 |
_c28640 _d28640 |
||